[Event "SVK-ch U16"]
[Site "Stara Lubovna"]
[Date "2014.04.10"]
[Round "7"]
[White "Mazur, Samuel"]
[Black "Stefanak, Jan"]
[Result "1/2-1/2"]
[WhiteElo "1516"]
[BlackElo "1105"]
[PlyCount "90"]
[EventDate "2014.04.05"]
[EventType "swiss"]
[EventRounds "9"]
[EventCountry "SVK"]
[SourceTitle "EXT 2016"]
[Source "ChessBase"]
[SourceDate "2015.10.08"]
[SourceVersion "1"]
[SourceVersionDate "2015.10.08"]
[SourceQuality "1"]

1. e4 c5 2. c4 Nc6 3. Nc3 d6 4. g3 Nf6 5. Bg2 e5 6. Nge2 Be6 7. d3 h6 8. 0-0 Be7 9. Nd5 0-0 10. Nxe7+ Qxe7 11. f4 Bg4 12. Bf3 Bh3 13. Bg2 Qd7 14. f5 Bg4 15. h3 Bxe2 16. Qxe2 b5 17. b3 a6 18. g4 bxc4 19. bxc4 Nd4 20. Qd1 a5 21. g5 hxg5 22. Bxg5 Nh7 23. Qg4 Nxg5 24. Qxg5 Qd8 25. f6 Ne6 26. Qg3 g6 27. h4 Nf4 28. Qg5 Kh7 29. Rf3 Qd7 30. Kh2 Rh8 31. Bh3 Nxh3 32. Rxh3 Kg8 33. h5 Rb8 34. Rg1 Kf8 35. h6 Rh7 36. Qc1 Qa4 37. Rg2 Qb4 38. Qc2 Ke8 39. Kg3 a4 40. Kg4 a3 41. Kg5 Kd8 42. Rhh2 Qb1 43. Qd2 Qf1 44. Rf2 Qg1+ 45. Rhg2 Qh1 1/2-1/2

[Event "SVK-ch U16"]
[Site "Stara Lubovna"]
[Date "2014.04.08"]
[Round "5"]
[White "Mazur, Samuel"]
[Black "Mraz, Ondrej"]
[Result "0-1"]
[WhiteElo "1516"]
[BlackElo "2022"]
[PlyCount "40"]
[EventDate "2014.04.05"]
[EventType "swiss"]
[EventRounds "9"]
[EventCountry "SVK"]
[SourceTitle "EXT 2016"]
[Source "ChessBase"]
[SourceDate "2015.10.08"]
[SourceVersion "1"]
[SourceVersionDate "2015.10.08"]
[SourceQuality "1"]

1. e4 e5 2. Nf3 Nc6 3. Nc3 Nf6 4. Bc4 Nxe4 5. Nxe4 d5 6. Bxd5 Qxd5 7. d3 Bg4 8. Ned2 0-0-0 9. 0-0 f5 10. Qe2 Nd4 11. Qe3 Nxc2 12. Qxe5 Nxa1 13. Qxd5 Rxd5 14. Nc4 Bxf3 15. gxf3 Nc2 16. Ne3 Nxe3 17. Bxe3 Bc5 18. d4 Bxd4 19. Rd1 Rhd8 20. Bxd4 Rxd4 0-1

[Event "SVK-ch U16"]
[Site "Stara Lubovna"]
[Date "2014.04.07"]
[Round "4"]
[White "Sromovsky, Jozef1111"]
[Black "Mazur, Samuel"]
[Result "0-1"]
[WhiteElo "2016"]
[BlackElo "1516"]
[PlyCount "104"]
[EventDate "2014.04.05"]
[EventType "swiss"]
[EventRounds "9"]
[EventCountry "SVK"]
[SourceTitle "EXT 2016"]
[Source "ChessBase"]
[SourceDate "2015.10.08"]
[SourceVersion "1"]
[SourceVersionDate "2015.10.08"]
[SourceQuality "1"]

1. e4 e6 2. Nf3 c5 3. d4 cxd4 4. Nxd4 Nc6 5. Be3 Nf6 6. Bd3 Be7 7. 0-0 0-0 8. c3 d5 9. Nd2 e5 10. Nxc6 bxc6 11. exd5 cxd5 12. Nb3 Bb7 13. Qe2 Qc7 14. Rac1 Qc6 15. Na5 Qc7 16. Nxb7 Qxb7 17. Bg5 e4 18. Ba6 Qd7 19. Bb5 Qd6 20. Ba4 Nd7 21. Bxe7 Qxe7 22. Bxd7 Qxd7 23. Rfd1 Qe6 24. c4 dxc4 25. Qxc4 Qxc4 26. Rxc4 f5 27. Kf1 Rfc8 28. Rxc8+ Rxc8 29. Ke2 Rc7 30. Rd2 Kf7 31. Ke3 Ke6 32. Kf4 g5+ 33. Kxg5 Rg7+ 34. Kh4 Rxg2 35. Kh3 Rg7 36. Rd8 Ke5 37. Rc8 f4 38. Rd8 e3 39. f3 Ke6 40. Rd4 Ke5 41. Rd8 Rg6 42. Rd2 Rd6 43. Rxd6 Kxd6 44. Kg2 Kc5 45. Kf1 Kc4 46. Ke2 a5 47. h3 h6 48. h4 h5 49. Ke1 Kd3 50. a3 a4 51. Kd1 e2+ 52. Ke1 Ke3 0-1

[Event "SVK-ch U16"]
[Site "Stara Lubovna"]
[Date "2014.04.05"]
[Round "1"]
[White "Mazur, Samuel"]
[Black "Puskar, Peter"]
[Result "0-1"]
[WhiteElo "1516"]
[BlackElo "2063"]
[PlyCount "48"]
[EventDate "2014.04.05"]
[EventType "swiss"]
[EventRounds "9"]
[EventCountry "SVK"]
[SourceTitle "EXT 2016"]
[Source "ChessBase"]
[SourceDate "2015.10.08"]
[SourceVersion "1"]
[SourceVersionDate "2015.10.08"]
[SourceQuality "1"]

1. e4 c5 2. c4 Nc6 3. Nc3 g6 4. g3 Bg7 5. Nge2 Ne5 6. Nf4 e6 7. Nd3 Nxd3+ 8. Bxd3 Ne7 9. Bf1 0-0 10. Bg2 Nc6 11. 0-0 Nd4 12. d3 a6 13. a4 Rb8 14. Rb1 b5 15. axb5 axb5 16. b3 Qa5 17. Bd2 b4 18. Ne2 Bb7 19. Be3 Nxe2+ 20. Qxe2 Ra8 21. f4 d6 22. Bf2 Qc7 23. e5 Bxg2 24. exd6 Bxf1 0-1

[Event "SVK-ch U14"]
[Site "Lubovna"]
[Date "2013.04.13"]
[Round "9"]
[White "Mazur, Samuel"]
[Black "Berta, Martin"]
[Result "1-0"]
[WhiteElo "1236"]
[BlackElo "1000"]
[PlyCount "97"]
[EventDate "2013.04.06"]
[EventType "swiss"]
[EventRounds "9"]
[EventCountry "SVK"]
[SourceTitle "CBM 153 Extra"]
[Source "ChessBase"]
[SourceDate "2013.04.22"]
[SourceVersion "1"]
[SourceVersionDate "2013.04.22"]
[SourceQuality "1"]

1. e4 e5 2. Nf3 Nc6 3. Nc3 Bc5 4. Bb5 a6 5. Bxc6 bxc6 6. Nxe5 Qf6 7. Nf3 Nh6 8. d4 Bb6 9. 0-0 d6 10. Re1 c5 11. dxc5 Bxc5 12. Be3 Bb4 13. Bd4 Qg6 14. e5 0-0 15. exd6 cxd6 16. a3 Bxc3 17. Bxc3 Ng4 18. Bd2 h6 19. Bf4 Rd8 20. c4 Ra7 21. b4 Rad7 22. Qb1 Qf6 23. Qe4 Qc3 24. Qd4 Qc2 25. a4 Qb3 26. Reb1 Qc2 27. Rb2 Qf5 28. Re2 d5 29. c5 Bb7 30. Rae1 Bc6 31. a5 Rb7 32. h3 Nf6 33. Bd6 Rbb8 34. Bxb8 Rxb8 35. Ne5 Rd8 36. Nxc6 Rc8 37. Ne7+ Kf8 38. Nxf5 g6 39. Nxh6 Kg7 40. Ng4 Rc6 41. Nxf6 Rxf6 42. Qxd5 Rf4 43. Qe5+ Rf6 44. Re3 g5 45. Rf3 Kh7 46. Rxf6 Kg8 47. Qxg5+ Kf8 48. Qh6+ Kg8 49. Re8# 1-0

[Event "SVK-ch U14"]
[Site "Lubovna"]
[Date "2013.04.09"]
[Round "5"]
[White "Mazur, Samuel"]
[Black "Haris, Darius"]
[Result "1/2-1/2"]
[WhiteElo "1236"]
[BlackElo "1222"]
[PlyCount "78"]
[EventDate "2013.04.06"]
[EventType "swiss"]
[EventRounds "9"]
[EventCountry "SVK"]
[SourceTitle "CBM 153 Extra"]
[Source "ChessBase"]
[SourceDate "2013.04.22"]
[SourceVersion "1"]
[SourceVersionDate "2013.04.22"]
[SourceQuality "1"]

1. e4 e5 2. Nf3 Nc6 3. Nc3 Nf6 4. Bb5 Bd6 5. d3 a6 6. Bxc6 dxc6 7. h3 Qe7 8. Bg5 h6 9. Bh4 Qe6 10. d4 0-0 11. 0-0 Re8 12. Bxf6 Qxf6 13. dxe5 Bxe5 14. Nxe5 Qxe5 15. f4 Qc5+ 16. Kh1 Be6 17. Qf3 f5 18. exf5 Qxf5 19. Qd3 Qxd3 20. cxd3 Bd5 21. Nxd5 cxd5 22. Rfe1 Kf7 23. Re5 Rxe5 24. fxe5 Ke6 25. d4 Rf8 26. Rc1 c6 27. Kg1 Rf4 28. Rd1 Re4 29. Kf2 Rf4+ 30. Ke3 Rf7 31. b4 Rf5 32. a4 h5 33. Rc1 Rf7 34. h4 Rf8 35. Rc5 Kd7 36. Rc2 Ke6 37. Rc1 Rf7 38. Rg1 g5 39. hxg5 Rf5 1/2-1/2

[Event "SVK-ch U14"]
[Site "Lubovna"]
[Date "2013.04.07"]
[Round "2"]
[White "Mazur, Samuel"]
[Black "Kriska, Michael"]
[Result "1-0"]
[WhiteElo "1236"]
[BlackElo "1000"]
[PlyCount "113"]
[EventDate "2013.04.06"]
[EventType "swiss"]
[EventRounds "9"]
[EventCountry "SVK"]
[SourceTitle "CBM 153 Extra"]
[Source "ChessBase"]
[SourceDate "2013.04.22"]
[SourceVersion "1"]
[SourceVersionDate "2013.04.22"]
[SourceQuality "1"]

1. e4 c5 2. Nf3 a6 3. Bc4 e6 4. Nc3 b5 5. Be2 d5 6. exd5 exd5 7. a3 Bb7 8. d4 b4 9. axb4 cxb4 10. Na2 a5 11. 0-0 Ba6 12. Re1 Bxe2 13. Qxe2+ Be7 14. Nxb4 Qd6 15. Nxd5 Qxd5 16. Qe5 Qxe5 17. Nxe5 Nf6 18. Nc4 Nc6 19. c3 Ra7 20. Nd6+ Kf8 21. Nc8 Rc7 22. Nxe7 Nxe7 23. Rxa5 h6 24. h3 g5 25. Bd2 Kg7 26. b4 Ned5 27. Rc1 Nb6 28. Rc5 Rhc8 29. g3 Ne4 30. Rxc7 Rxc7 31. Be1 Na4 32. c4 Nb2 33. c5 Nd3 34. Rd1 Nxe1 35. Rxe1 Nc3 36. Kf1 Nd5 37. b5 Rc8 38. b6 Rb8 39. Re5 Nb4 40. d5 Kf6 41. f4 Nd3 42. c6 Rxb6 43. c7 Rb1+ 44. Ke2 Nxf4+ 45. gxf4 Rc1 46. d6 gxf4 47. Re8 f3+ 48. Kxf3 Rc3+ 49. Re3 Rc6 50. d7 Kg5 51. d8Q+ Kh5 52. Qd5+ Kg6 53. Qxc6+ f6 54. Kf4 Kh5 55. Qc5+ Kh4 56. Qf5 h5 57. Qxf6# 1-0

[Event "SVK-ch U14"]
[Site "Lubovnianske Kupele"]
[Date "2012.03.22"]
[Round "7"]
[White "Mazur, Samuel"]
[Black "Mojs, Richard"]
[Result "1/2-1/2"]
[WhiteElo "1148"]
[BlackElo "1471"]
[PlyCount "49"]
[EventDate "2012.03.17"]
[EventType "swiss"]
[EventRounds "9"]
[EventCountry "SVK"]
[SourceTitle "CBM 147 Extra"]
[Source "ChessBase"]
[SourceDate "2012.04.24"]
[SourceVersion "1"]
[SourceVersionDate "2012.04.24"]
[SourceQuality "1"]

1. d4 d5 2. c4 c6 3. Nc3 Nf6 4. Bg5 e6 5. e3 Nbd7 6. Nf3 h6 7. Bh4 Qc7 8. Bg3 Bd6 9. Bxd6 Qxd6 10. Bd3 dxc4 11. Bxc4 b5 12. Bd3 Bb7 13. 0-0 0-0 14. Nd2 c5 15. Nce4 Qc6 16. Rc1 Nxe4 17. Bxe4 Qc7 18. Bxb7 Qxb7 19. dxc5 Rac8 20. b4 Nf6 21. Nb3 Rfd8 22. Na5 Qc7 23. Qf3 Rd2 24. a3 Rcd8 25. Qb7 1/2-1/2

[Event "SVK-ch U14"]
[Site "Lubovnianske Kupele"]
[Date "2012.03.21"]
[Round "6"]
[White "Cisko, Matej"]
[Black "Mazur, Samuel"]
[Result "1/2-1/2"]
[WhiteElo "1951"]
[BlackElo "1148"]
[PlyCount "43"]
[EventDate "2012.03.17"]
[EventType "swiss"]
[EventRounds "9"]
[EventCountry "SVK"]
[SourceTitle "CBM 147 Extra"]
[Source "ChessBase"]
[SourceDate "2012.04.24"]
[SourceVersion "1"]
[SourceVersionDate "2012.04.24"]
[SourceQuality "1"]

1. e4 e5 2. Nf3 Nc6 3. Bc4 Bc5 4. c3 d6 5. 0-0 Nf6 6. d3 0-0 7. h3 h6 8. b4 Bb6 9. a4 a5 10. b5 Ne7 11. Be3 Bxe3 12. fxe3 d5 13. exd5 Nexd5 14. Qe2 e4 15. dxe4 Nxe4 16. Qd3 Nef6 17. Rd1 Be6 18. Qe2 Ne4 19. Bxd5 Bxd5 20. Qc2 Re8 21. c4 Nf6 22. cxd5 1/2-1/2